000 00349 a2200169 4500
001 46178
020 _a978-850815364-0
040 _cAnchieta - Aquarius
100 _aQueiroz, Rachel
240 1 0 _a=O quinze
_lpor
245 1 0 _a=O quinze
300 _a
362 0 _a2012
440 1 _aÁtica
650 4 _aLiteratura brasileira
942 _cBK
999 _c46178
_d46178